zpět

Detail výsledku týmu

MaxWilliam, Znojmo

Datum a čas kvízu

31 Celkem bodů Celkový počet nahraných bodů na tomto kvízu bez doplňovacích otázek.
6. Pořadí na kvízu Konečné umístění týmu na tomto kvízu.

Zaznamenané odpovědi

# Otázka Odpověď Body Výsledky
1. Minulý pátek v 18 hodin se po... 1
2. Americká Federální komise pro... 0
3. Při udílení prestižních americ... 0
4. Společnost Coca-Cola je první... 1
5. Tenistka Karolína Plíšková zís... 0
5. Opel je součástí skupiny Group... 1
5. Kim Čong-Il, Adolf Hitler, Idi... 1
5. Jak se jmenovala značka, která... 1
5. Určitě si vybavíte, jak vypadá... 1
5. Díváme se na legendární užitko... 0